banner-ar

فى الصحة النفسية: المرونة. التصلب للمعاملات لغير العاملات / (Record no. 54006)

MARC details
000 -الفاتح
حقل البيانات ثابتة الطول 00571nam a2200169Ia 4500
008 - عناصر البيانات ثابتة الطول - معلومات عامة
حقل البيانات ثابتة الطول 140319s9999 xx 000 0 ara d
040 ## - مصدر الفهرسة
وكالة الفهرسة الأصلية GCL /
وكالة النسخ GCL
082 04 - رقم تصنيف ديوى العشرى
رقم التصنيف 166
رقم المادة ع.ق
100 1# - المدخل الرئيسى - إسم شخصى
الإسم الشخصى فاطمة احمد خفاجى
245 10 - بيان العنوان
العنوان فى الصحة النفسية: المرونة. التصلب للمعاملات لغير العاملات /
بيان المسئوليه,etc فاطمة احمد خفاجى
260 ## - PUBLICATION, DISTRIBUTION, ETC. (IMPRINT)
تاريخ النشر أو التوزيع 1991
300 ## - الوصف المادى
التعداد 220 ص
490 ## - بيان السلسلة
عنوان السلسلة
650 04 - المدخل الاضافى بالموضوع-مصطلح موضوعى
مصطلح موضوعي علم النفس القياسى
942 ## - عناصر المدخل الإضافي( كوها)
مصدر التصنيف او مخطط الترفيف Dewey Decimal Classification
Koha [default] item type كتاب
260 ## - PUBLICATION, DISTRIBUTION, ETC. (IMPRINT)
-- [S.N] :
-- دار المعرفة الجامعية ،
Holdings
حالة التراجع حالة الفقد حالة تلف ليس للاعارة المكان المؤقت الموقع الحالى تاريخ الاكتساب اجمالي اﻻعارات رقم الطلب الباركود تاريخ اخر مشاهدة تاريخ تفعيل السعر نوع وعاء كوها
        مكتبة القاهرة الكبرى مكتبة القاهرة الكبرى 03/26/2014   166\ع.ق 129937 03/26/2014 03/26/2014 كتاب

Powered By

EGPV